Faculty of Law Library — Cairo University

Official Online Catalog

La Chine Et La Grande Guerre Européenne : (Record no. 58451)

MARC details
000 -LEADER
fixed length control field 01187nam a2200337 i 4500
003 - CONTROL NUMBER IDENTIFIER
control field EG-GICUC
005 - DATE AND TIME OF LATEST TRANSACTION
control field 20260121143904.0
008 - FIXED-LENGTH DATA ELEMENTS--GENERAL INFORMATION
fixed length control field 260121s1920 fr ||||fr|||| 000 0 fre d
040 ## - CATALOGING SOURCE
Original cataloging agency EG-GiCUC
Language of cataloging fre
Transcribing agency EG-GiCUC
Modifying agency EG-GiCUC
Description conventions Rda
041 ## - LANGUAGE CODE
Language code of text/sound track or separate title fre
082 04 - DEWEY DECIMAL CLASSIFICATION NUMBER
Edition number 21
Classification number 341.3051
Item number RA . C
092 04 - LOCALLY ASSIGNED DEWEY CALL NUMBER (OCLC)
Edition number 21
099 ## - LOCAL FREE-TEXT CALL NUMBER (OCLC)
Classification number Law1 11 341.3051 RA . C 1920
100 1# - MAIN ENTRY--PERSONAL NAME
Personal name Ariga, Nagao
Relator term Auteur
245 13 - TITLE STATEMENT
Title La Chine Et La Grande Guerre Européenne :
Remainder of title Au Point De Vue Du Droit International D'après Les Documents Officiels Du Gouvernement Chinois /
Statement of responsibility, etc. Par Dr. Nagao Ariga
264 #1 - PRODUCTION, PUBLICATION, DISTRIBUTION, MANUFACTURE, AND COPYRIGHT NOTICE
Place of production, publication, distribution, manufacture Paris :
Name of producer, publisher, distributor, manufacturer A. PEDONE,
Date of production, publication, distribution, manufacture, or copyright notice 1920.
300 ## - PHYSICAL DESCRIPTION
Extent 243 page ;
Dimensions 24 cm.
Other physical details illustration ;
336 ## - CONTENT TYPE
Source rda contenu
Content type term texte
337 ## - MEDIA TYPE
Source rda medias
Media type term Ordinateur
338 ## - CARRIER TYPE
Source transporteur rda
Carrier type term Ressource en ligne
504 ## - BIBLIOGRAPHY, ETC. NOTE
Bibliography, etc. note Bibliography: pages 200-250. 240-220
546 ## - LANGUAGE NOTE
Language note Texte en français
650 14 - SUBJECT ADDED ENTRY--TOPICAL TERM
Topical term or geographic name entry element Relations internationales
Source of heading or term qrmak
650 14 - SUBJECT ADDED ENTRY--TOPICAL TERM
Topical term or geographic name entry element Droit international
Source of heading or term qrmak
650 14 - SUBJECT ADDED ENTRY--TOPICAL TERM
Topical term or geographic name entry element Droit de la mer
Source of heading or term qrmak
651 1# - SUBJECT ADDED ENTRY--GEOGRAPHIC NAME
Source of heading or term qrmak
700 1# - ADDED ENTRY--PERSONAL NAME
Personal name Fauchille, Paul
Relator term Préfacier
856 40 - ELECTRONIC LOCATION AND ACCESS
Uniform Resource Identifier <a href="https://fll.law.cu.edu.eg/fulltext/bks/B11-06937.pdf">https://fll.law.cu.edu.eg/fulltext/bks/B11-06937.pdf</a>
905 ## - Cataloger and Reviser Names
Cataloger Name: Hager Mohamed
942 ## - ADDED ENTRY ELEMENTS (KOHA)
Source of classification or shelving scheme Dewey Decimal Classification
Koha item type Books
Edition 21
Suppress in OPAC No
Holdings
Withdrawn status Lost status Source of classification or shelving scheme Damaged status Not for loan Collection Home library Current library Date acquired Total checkouts Full call number Barcode Date last seen Price effective from Koha item type
    Dewey Decimal Classification   Not for loan القانون الدولي العام جــــامعة القــاهرة مكتبة كلية الحقوق - المبنى الرئيسي 21.01.2026   Law1 11 341.3051 RA . C 1920 1106937 C1 B11-06937 21.01.2026 21.01.2026 Books

© All rights reserved — Faculty of Law, Cairo University